000 01948nam a2200541 i 4500
001 55110
003 KOSZ 005
005 20211130140143.0
008 080924s2007 pl a |001 0 pol
015 _aUWD 2009/4615
020 _a9788374696067
035 _a991043310629705066
035 _a(PL-WaBN)b21688321-48omnis_nlop
035 _ab21688321
035 _a(OCoLC)749939812
035 _azz2007911192
035 _a(PL)b0000002168832
035 _a(EXLNZ-48OMNIS_NETWORK)9910351865205606
040 _aWA N
_cWA N
_dKOSZ 005/HR
041 1 _apol
_heng
046 _k2007
080 _a(075.8)
080 _a004
100 1 _aFeynman, Richard Phillips
_d(1918-1988)
_eAutor
245 1 0 _aWykłady o obliczeniach /
_cRichard P. Feynman ; przeł. Jerzy Łusakowski ; posł. opatrzył Karol Życzkowski ; [posł. Anthony J. G. Hey].
246 1 _iTyt. oryg.:
_aFeynman lectures on computation
260 _aWarszawa :
_bPrószyński i S-ka,
_c[2007].
300 _aXVI, 283 s. :
_bil. ;
_c20 cm.
336 _aTekst
_btxt
_2rdacontent
337 _aBez urządzenia pośredniczącego
_bn
_2rdamedia
338 _aWolumin
_bnc
_2rdacarrier
380 _aKsiążki
388 _a2001-
500 _aNa okł.: Feynmana wykłady z fizyki oraz nazwa aut. drugiego posł.
504 _aBibliogr. s. 273-284. Indeks.
650 7 _aInformatyka
_2DBN
650 7 _aKomputery kwantowe
650 7 _aTeoria
655 7 _aPodręczniki akademickie
_2DBN
658 _aInformatyka i technologie informacyjne
700 1 _aHey, Anthony J. G.
_ePosłowie
700 1 _aŁusakowski, Jerzy.
_eTłumaczenie
700 1 _aŻyczkowski, Karol
_d(1960- ).
_ePosłowie
710 2 _aPrószyński i S-ka
_4pbl
856 _uhttp://koha.tu.koszalin.pl/cgi-bin/koha/opac-detail.pl?biblionumber=55110
_yKatalog online BPK
942 _2UKD
_cKS
999 _c55110
_d55110